00687 2200229 4500001002100000005001500021035002400036040001200060082001800072082002200090090002200112100002400134245007900158260005400237300003300291504003100324650004200355850001200397990001600409990001600425990001600441YOGYA00000000009921620140823123555 0010-101300000000097 aYOPDYOG 2[22]a899.221 aNUS 899.221 Bur T aNUS 899.221 Bur T aBURHAN NURGIYANTORO aTransformasi unsur pewayangan dalam fiksi Indonesia /cBurhan Nurgiyantoro aYogyakarta :bGadjah Mada University Press,c1998 axvi, 353 hlm.;c21 cm(3 eks) aBibliografi : hlm. 231-238 aKesusastraan Indonesia - Fiksi Wayang aYOPDYOG a0886/B.2013 a0887/B.2013 a0888/B.2013